famille Weasley (tous les personnages) - Statistiques

Statistiques générales
  • Ce quiz a été pris 283 fois
    127 depuis la dernière actualisation
  • Le résultat moyen est 27 sur 40
Statistiques - réponses
Hint Réponse % Correct
Fils Bill Weasley
100%
Fils George Weasley
97%
Père Arthur Weasley
96%
Fils Charlie Weasley
96%
Fille Ginny Weasley
96%
Fils Fred Weasley
95%
Mère Molly Weasley
95%
Femme Fleur Delacour
93%
Fils Percy Weasley
93%
Mari Harry Potter
91%
Femme Hermione Granger
91%
Père James Potter
89%
Mère Lily Evans
89%
Fils Ron Weasley
89%
Petite Fille Rose Granger-Weasley
86%
Fils Dudley Dursley
82%
Parrain Sirius Black
82%
Femme Angelina Johnson
81%
Soeur Petunia Dursley
81%
Petit Fils Albus Severus Potter
78%
Soeur Gabrielle Delacour
78%
Petit Fils Hugo Granger-Weasley
77%
Mari Vernon Dursley
77%
Peti Fils James Sirius Potter
72%
Petite Fille Lily Luna Potter
69%
Petite Fille Victoire Weasley
61%
Tante Muriel
57%
Frère Fabian Prewett
51%
Frère Gideon Prewett
50%
Petite Fille Dominique Weasley
47%
Petit Fils Louis Weasley
45%
Femme Audrey Weasley
43%
Petit Fille Roxanne Weasley
38%
Petite Fille Lucy Weasley
36%
Petit Fils Fred jr Weasley
28%
Petite Fille Molly jr Weasley
28%
Aïeule Cedrella Black
22%
Tante Tessie
19%
Frère Billius Weasley
7%
Aïeul Septimius Weasley
7%
Aucun quiz correspondant
Distribution des résultats
% des personnes avec chaque résultat
Percentile par nombre de réponses
Votre historique - résultats
Vous n’avez pas pris ce quiz depuis la dernière actualisation